[Event "Wch U20"]
[Site "Nakhchivan"]
[Date "2003.06.28"]
[Round "8"]
[White "Baladjaev, Gara"]
[Black "Wang, Hao Yuan"]
[Result "0-1"]
[WhiteElo "2177"]
[BlackElo "2226"]
[PlyCount "72"]
[EventDate "2003.06.22"]
[EventType "swiss"]
[EventRounds "13"]
[EventCountry "AZE"]
[SourceTitle "EXT 2004"]
[Source "ChessBase"]
[SourceDate "2003.11.25"]
[SourceVersion "1"]
[SourceVersionDate "2003.11.25"]
[SourceQuality "1"]

1. d4 Nf6 2. c4 e6 3. Nf3 c5 4. d5 exd5 5. cxd5 d6 6. Nc3 g6 7. h3 Bg7 8. Bg5 0-0 9. e3 a6 10. a4 Qb6 11. Qd2 Bf5 12. a5 Qc7 13. Be2 Ne4 14. Nxe4 Bxe4 15. 0-0 Nd7 16. Bh4 h6 17. Ra4 Rfe8 18. Rc1 b5 19. axb6 Qxb6 20. b4 Reb8 21. Rc4 Bxf3 22. gxf3 Ne5 23. Rc1 cxb4 24. f4 Nd7 25. Rc6 Qb7 26. Bxa6 Rxa6 27. Rcxa6 b3 28. Ra7 Qc8 29. Ra1 Bxa1 30. Rxa1 Qc2 31. Qe1 b2 32. Rb1 Rc8 33. Kh2 Qc1 34. f3 Rc2+ 35. Kg1 Qxb1 36. Qxb1 Rc1+ 0-1

[Event "EU-ch U20"]
[Site "Baku"]
[Date "2002.07.20"]
[Round "7"]
[White "Aliev, Dzavid Ali"]
[Black "Baladjaev, Gara"]
[Result "0-1"]
[WhiteElo "2320"]
[BlackElo "2210"]
[PlyCount "62"]
[EventDate "2002.07.14"]
[EventType "swiss"]
[EventRounds "11"]
[EventCountry "AZE"]
[SourceTitle "CBM 089 Extra"]
[Source "ChessBase"]
[SourceDate "2002.09.10"]
[SourceVersion "2"]
[SourceVersionDate "2002.09.10"]
[SourceQuality "1"]

1. e4 c5 2. Nf3 d6 3. d4 cxd4 4. Nxd4 Nf6 5. Nc3 a6 6. a4 e6 7. Be3 Be7 8. Nb3 0-0 9. a5 Nbd7 10. Qf3 Nc5 11. Be2 e5 12. Bxc5 dxc5 13. Qe3 Qc7 14. Na4 c4 15. Nb6 cxb3 16. Nxa8 Qxc2 17. f3 Bb4+ 18. Kf1 Qxb2 19. Kf2 Qc2 20. Rac1 Bd2 21. Qd3 Qxd3 22. Bxd3 Bxc1 23. Rxc1 Be6 24. Nb6 Rd8 25. Ke3 g6 26. Rb1 Rd4 27. Rb2 Nd7 28. Nxd7 Rxd7 29. Bb1 Rc7 30. Rd2 Rc1 31. Bd3 Ra1 0-1

[Event "EU-ch U20"]
[Site "Baku"]
[Date "2002.07.18"]
[Round "5"]
[White "Baladjaev, Gara"]
[Black "Davidov, Samir"]
[Result "0-1"]
[WhiteElo "2210"]
[BlackElo "2248"]
[PlyCount "94"]
[EventDate "2002.07.14"]
[EventType "swiss"]
[EventRounds "11"]
[EventCountry "AZE"]
[SourceTitle "CBM 089 Extra"]
[Source "ChessBase"]
[SourceDate "2002.09.10"]
[SourceVersion "2"]
[SourceVersionDate "2002.09.10"]
[SourceQuality "1"]

1. d4 Nf6 2. c4 e6 3. Nf3 d5 4. Nc3 c6 5. g3 Nbd7 6. Bg2 dxc4 7. 0-0 Bd6 8. e3 Qc7 9. Nd2 Nb6 10. Qe2 e5 11. Nxc4 Nxc4 12. Qxc4 Be6 13. Qa4 0-0 14. Bd2 b5 15. Qa6 exd4 16. exd4 Rac8 17. Rfc1 Qd7 18. a4 b4 19. Ne4 Nxe4 20. Bxe4 c5 21. dxc5 Bxc5 22. Be1 Qe7 23. Qd3 Kh8 24. Rc2 f5 25. Bg2 f4 26. Re2 Qf7 27. Qe4 Bc4 28. Rd2 fxg3 29. hxg3 Rce8 30. Qc2 b3 31. Qd1 Re7 32. Qf3 Qxf3 33. Bxf3 Rxf3 34. Rd8+ Bg8 35. Rc1 Rxg3+ 36. Kh2 Rg5 37. Bd2 Rf5 38. Be3 Bxe3 39. fxe3 g5 40. Rcc8 Rg7 41. e4 Rf2+ 42. Kg3 Rxb2 43. e5 Re2 44. Re8 b2 45. Rb8 g4 46. e6 h5 47. e7 h4+ 0-1